00311nam a2200109 a 4500008004100000050001700041100002000058245003000078246007300108260001100181350000900192120416s9999 ||||||||||||||||| || u aHB 171.5 Har aHarvey, Charles10aMacroeconomics for Africa athe elementary theory of the working of presentday African economies a(1977) a0.00